| 000 | 00745nam a22002297a 4500 | ||
|---|---|---|---|
| 999 |
_c1938 _d1938 |
||
| 003 | AR-CdUCM | ||
| 008 | 190228b ||||| |||| 00| 0 esp d | ||
| 020 | _aISBN | ||
| 040 |
_aMUNICIPALIDAD PROVINCIAL DEL CUSCO _cBIBLIOTECA MUNICIPAL DEL CUSCO |
||
| 082 |
_a828.9 / _bP949 |
||
| 100 |
_aPriestley, John Boynton _97084 |
||
| 245 |
_aUn héroe maravilloso / _cJ.B. Priestley ; |
||
| 260 |
_aBarcelona : _bEds. G.P, |
||
| 300 |
_a223 paginas ; _c18 cm. |
||
| 500 | _aTítulo original: Wonder hero. | ||
| 505 | _aEl día de Charlie Habble -- Prensa -- Esto es Londres ... | ||
| 650 |
_aNovelas inglesas _91158 |
||
| 650 |
_aTransiciones _97085 |
||
| 700 |
_aGarcía-Borrón, Juan _97086 |
||
| 942 |
_2ddc _cLIBROS |
||
| 945 |
_aacrt _d2019-02-28 |
||